LECTURE NOTES IN ENGINEERING: CURRENT DISTRIBUTION AND ELECTRONIC SHAPE CHANGES IN ELECTROCHEMICAL SYSTEMS / (Record no. 17113)
[ view plain ]
| 000 -الفاتح | |
|---|---|
| حقل البيانات ثابتة الطول | 00678nam a2200217Ia 4500 |
| 008 - عناصر البيانات ثابتة الطول - معلومات عامة | |
| حقل البيانات ثابتة الطول | 140319s9999 xx 000 0 eng d |
| 040 ## - مصدر الفهرسة | |
| وكالة الفهرسة الأصلية | GCL / |
| وكالة النسخ | GCL |
| 082 04 - رقم تصنيف ديوى العشرى | |
| رقم التصنيف | 621.319 |
| رقم المادة | B L |
| 100 1# - المدخل الرئيسى - إسم شخصى | |
| الإسم الشخصى | BREBBIA, C.A. |
| 245 10 - بيان العنوان | |
| العنوان | LECTURE NOTES IN ENGINEERING: CURRENT DISTRIBUTION AND ELECTRONIC SHAPE CHANGES IN ELECTROCHEMICAL SYSTEMS / |
| بيان المسئوليه,etc | BREBBIA, C.A. |
| 700 1# - المدخل الاضافى - اسم شخصى | |
| الإسم الشخصى | ORSZAG,S.A |
| 700 1# - المدخل الاضافى - اسم شخصى | |
| الإسم الشخصى | DECONINCK, J. |
| 260 ## - PUBLICATION, DISTRIBUTION, ETC. (IMPRINT) | |
| تاريخ النشر أو التوزيع | 1992 |
| 300 ## - الوصف المادى | |
| التعداد | 281 P |
| 650 04 - المدخل الاضافى بالموضوع-مصطلح موضوعى | |
| مصطلح موضوعي | التحليل الرياضى |
| 650 04 - المدخل الاضافى بالموضوع-مصطلح موضوعى | |
| مصطلح موضوعي | ELECTROCHEMICAL SYSTEMS |
| 650 04 - المدخل الاضافى بالموضوع-مصطلح موضوعى | |
| مصطلح موضوعي | ELECTRODES, JAN SELECTIVE |
| 650 04 - المدخل الاضافى بالموضوع-مصطلح موضوعى | |
| مصطلح موضوعي | ELECTROCHEMICAL ANALYSIS |
| 942 ## - عناصر المدخل الإضافي( كوها) | |
| مصدر التصنيف او مخطط الترفيف | Dewey Decimal Classification |
| Koha [default] item type | كتاب |
| 260 ## - PUBLICATION, DISTRIBUTION, ETC. (IMPRINT) | |
| -- | [S.N] : |
| -- | SPRINGER - VERLAG ، |
| حالة التراجع | حالة الفقد | حالة تلف | ليس للاعارة | المكان المؤقت | الموقع الحالى | تاريخ الاكتساب | اجمالي اﻻعارات | رقم الطلب | الباركود | تاريخ اخر مشاهدة | تاريخ تفعيل السعر | نوع وعاء كوها |
|---|---|---|---|---|---|---|---|---|---|---|---|---|
| مكتبة القاهرة الكبرى | مكتبة القاهرة الكبرى | 03/26/2014 | 621.319\B L | 30870 | 03/26/2014 | 03/26/2014 | كتاب |

